Don't Touch the Blue II Quiz Stats

 Plays Quiz Updated Aug 24, 2014

Support Sporcle.
Go Orange.
Score 0/18 Timer 03:00
1 Play Today
% Correct
Go, on a stoplight
93.6%
Surrender flag
93.5%
First color in the rainbow
91%
Caution card, in association football
90.9%
Military heart-shaped medal
88.4%
Color of the quick fox
88%
Name of the Sea bordering Ukraine
87.7%
Simply _____ Juice
87.2%
Branch of magic dealing with the occult
86.9%
% Correct
Stephen King's Mile
86.6%
Color used to describe overcast skies
84.3%
The 'Mr.' in Clue (or 'Reverend' for Cluedo)
81.1%
Song by Coldplay
74.5%
Color of the 'L' in the Google logo
65.6%
Color of the '4' ball in billiards
61.8%
Double Word Score, in Scrabble
58.3%
Color of the Amazon river dolphin
53.4%
Rightmost color on France's flag
51.5%

You're not logged in!

Compare scores with friends on all Sporcle quizzes.
OR
Log In

From the Vault

The Beatles Albums by Cover

by teedslaststand

Other bands may have covered Beatles songs, but no one would DARE to cover their covers.
Remove Ads.
Support Sporcle.
Get the best of Sporcle when you Go Orange. This ad-free experience offers more features, more stats, and more fun while also helping to support Sporcle. Thank you for becoming a member.

Show Comments

Extras

Top Quizzes Today


Score Distribution

Your Account Isn't Verified!

In order to create a playlist on Sporcle, you need to verify the email address you used during registration. Go to your Sporcle Settings to finish the process.

Report this User

Report this user for behavior that violates our Community Guidelines.

Details: